000 00911nam a22002777a 4500
001 9420
003 FISKH
005 20260106120043.0
008 260106b cb ||||| |||| 00| 0 eng d
020 _a9780553371086
040 _aFISKH
_beng
_cFISKH
_dFISKH
050 _aPZ8.M2977 I
082 _a398.2
100 _aMann, Kenny
_eAuthor
245 _aI am not afraid /
_cBased on a Masai tale by Kenny Mann ; illustrated by Richard Leonard and Alfredo Alcala
260 _aNew York :
_bA Bantam Little Rooster Book ;
_c1993
300 _a31 pages :
_bcolor illustrations ;
_c23 cm
505 _aJ
520 _aAfter a visit from a hungry demon, a boy learns courage from his older brother.
521 8 _a460
_bLexile
521 8 _aJ
_bRaz-Plus
650 _aChildren's literature
_vChildren's picture book
700 _aLeonard, Richard
_eIllustrator
942 _2ddc
_cBK
_n0
999 _c9420
_d9420